| 000 | 00905nam a2200289 a 4500 | ||
|---|---|---|---|
| 001 | 013084490 | ||
| 003 | OSt | ||
| 005 | 20150315121451.0 | ||
| 008 | 050118s2005 enka b 001 0 eng | ||
| 020 | _a0471661228 | ||
| 020 | _a9780471661221 | ||
| 040 |
_aUk _beng _cUk |
||
| 082 | 0 | 0 |
_a658.562015195 _222 _bMON |
| 100 | 1 | _aMontgomery, Douglas C. | |
| 245 | 1 | 0 |
_aIntroduction to statistical quality control / _cDouglas C. Montgomery. |
| 250 | _a5th ed. | ||
| 260 |
_aRiver Street : _bJohn Wiley, _cc.2005. |
||
| 300 |
_axvi, 759 p. : _bill., ; _c26 cm. |
||
| 500 | _aPrevious ed.: 2001 | ||
| 500 | _a"Wiley International edition." | ||
| 504 | _aIncludes bibliographical references and index. | ||
| 650 | 0 |
_aQuality control _xStatistical methods. _910054 |
|
| 650 | 0 |
_aProcess control _xStatistical methods. _926203 |
|
| 653 |
_bENGMEC _cMarch2015 |
||
| 655 |
_vreading book _934232 |
||
| 942 | _2ddc | ||
| 999 |
_c19042 _d19014 |
||